[Event "San Francisco TNM Fall op"]
[Site "San Francisco"]
[Date "2017.12.19"]
[Round "9"]
[White "Boldi, Ethan Vaughn"]
[Black "Chan, John"]
[Result "1-0"]
[WhiteElo "1892"]
[BlackElo "1647"]
[PlyCount "97"]
[EventDate "2017.10.24"]
[EventType "swiss"]
[EventRounds "9"]
[EventCountry "USA"]
[SourceTitle "EXT 2023"]
[Source "ChessBase"]
[SourceDate "2022.10.05"]
[SourceVersion "1"]
[SourceVersionDate "2022.10.05"]
[SourceQuality "1"]

1. e4 d6 2. d4 c6 3. c4 Nf6 4. Nc3 Nbd7 5. Nf3 e5 6. d5 h6 7. Be2 Nc5 8. Qc2 Be7 9. b4 Ncd7 10. Bd2 c5 11. a3 b6 12. Nh4 g6 13. Nf3 g5 14. h3 Nf8 15. Rb1 Ng6 16. g4 Kf8 17. Na2 Bd7 18. Nc1 Qe8 19. b5 Bd8 20. a4 a6 21. a5 axb5 22. cxb5 bxa5 23. b6 Ba4 24. Qd3 Nf4 25. Bxf4 exf4 26. Nd2 Rb8 27. b7 Kg7 28. f3 Qd7 29. Qa6 Re8 30. Nc4 Bc7 31. Nb6 Bxb6 32. Rxb6 Red8 33. Qxa5 Qc7 34. Qa6 Be8 35. 0-0 Qe7 36. Nb3 h5 37. Na5 h4 38. Bb5 Bxb5 39. Rxb5 Nxd5 40. exd5 Qe3+ 41. Kh1 Qe2 42. Rb6 Qd2 43. Rbb1 Re8 44. Nc4 Qc2 45. Rbc1 Qd3 46. Qa1+ Kg8 47. Nxd6 Re2 48. Nf5 Kf8 49. Qh8# 1-0

[Event "San Francisco TNM Fall op"]
[Site "San Francisco"]
[Date "2017.10.24"]
[Round "1"]
[White "Stearman, Josiah P"]
[Black "Chan, John"]
[Result "1-0"]
[WhiteElo "2284"]
[BlackElo "1647"]
[PlyCount "47"]
[EventDate "2017.10.24"]
[EventType "swiss"]
[EventRounds "9"]
[EventCountry "USA"]
[SourceTitle "EXT 2023"]
[Source "ChessBase"]
[SourceDate "2022.10.05"]
[SourceVersion "1"]
[SourceVersionDate "2022.10.05"]
[SourceQuality "1"]

1. e4 e6 2. d3 Nc6 3. Nc3 d6 4. g3 g6 5. Bg2 Bg7 6. Be3 e5 7. Nge2 Nf6 8. h3 0-0 9. f4 Bd7 10. 0-0 Qc8 11. g4 a6 12. f5 Ne7 13. Ng3 Kh8 14. g5 Neg8 15. gxf6 Bxf6 16. Nd5 Bh4 17. Qg4 Bxg3 18. Qxg3 Qd8 19. f6 Be6 20. Qh4 Bxd5 21. exd5 Rc8 22. Rae1 c5 23. Bg5 b5 24. Re4 1-0

[Event "San Francisco TNM Winter op"]
[Site "San Francisco"]
[Date "2017.02.07"]
[Round "6"]
[White "Kim, Isaiah T"]
[Black "Chan, John"]
[Result "1-0"]
[WhiteElo "1911"]
[BlackElo "1614"]
[PlyCount "59"]
[EventDate "2017.01.03"]
[EventType "swiss"]
[EventRounds "8"]
[EventCountry "USA"]
[SourceTitle "EXT 2018"]
[Source "ChessBase"]
[SourceDate "2017.10.13"]
[SourceVersion "1"]
[SourceVersionDate "2017.10.13"]
[SourceQuality "1"]

1. d4 Nf6 2. c4 c6 3. Nc3 e6 4. e4 d6 5. Nf3 Be7 6. Bd3 Qc7 7. e5 Nfd7 8. Qe2 dxe5 9. dxe5 Nc5 10. Bc2 b6 11. 0-0 h6 12. Bf4 Nbd7 13. b4 Na6 14. a3 Bb7 15. Ne4 0-0-0 16. Nd6+ Bxd6 17. exd6 Qb8 18. c5 Qa8 19. Bd3 b5 20. a4 Nxb4 21. axb5 Nxc5 22. Be4 Nd5 23. Bxd5 exd5 24. Qe3 d4 25. Nxd4 Rhe8 26. Qh3+ Nd7 27. bxc6 Bxc6 28. Rfc1 Re4 29. Rxc6+ Kb7 30. Rc7+ 1-0

[Event "San Francisco TNM Fall op"]
[Site "San Francisco"]
[Date "2016.10.18"]
[Round "1"]
[White "Chan, John"]
[Black "Bayaraa, Chinguun"]
[Result "0-1"]
[WhiteElo "1595"]
[BlackElo "2086"]
[PlyCount "80"]
[EventDate "2016.10.18"]
[EventType "swiss"]
[EventRounds "9"]
[EventCountry "USA"]
[SourceTitle "EXT 2018"]
[Source "ChessBase"]
[SourceDate "2017.10.13"]
[SourceVersion "1"]
[SourceVersionDate "2017.10.13"]
[SourceQuality "1"]

1. d4 d5 2. Nf3 Nf6 3. h3 Bf5 4. Bf4 e6 5. e3 Nbd7 6. Nbd2 c5 7. c3 c4 8. Be2 Be7 9. a4 a6 10. Bh2 b5 11. a5 b4 12. Qa4 b3 13. Ne5 0-0 14. Nc6 Qe8 15. 0-0 Ne4 16. Nxe4 Bxe4 17. f3 Bg6 18. Kh1 Nf6 19. g4 h6 20. Bg3 Rc8 21. Ne5 Bh7 22. Qxe8 Rfxe8 23. h4 Bd6 24. Kg2 Bxe5 25. Bxe5 Nd7 26. Bg3 f6 27. Ra4 e5 28. dxe5 Nxe5 29. Bxe5 Rxe5 30. Rb4 Rxe3 31. Rf2 Rc5 32. Ra4 Bc2 33. Kg3 Rxc3 34. Kf4 g5+ 35. hxg5 hxg5+ 36. Kg3 Re3 37. Rh2 c3 38. Rb4 cxb2 39. Rb8+ Kf7 40. Rhh8 Re7 0-1

[Event "San Francisco Benson Memorial"]
[Site "San Francisco"]
[Date "2016.08.16"]
[Round "3"]
[White "Chan, John"]
[Black "Kim, Isaiah T"]
[Result "1/2-1/2"]
[WhiteElo "1583"]
[BlackElo "1900"]
[PlyCount "90"]
[EventDate "2016.08.02"]
[EventType "swiss"]
[EventRounds "9"]
[EventCountry "USA"]
[SourceTitle "EXT 2018"]
[Source "ChessBase"]
[SourceDate "2017.10.13"]
[SourceVersion "1"]
[SourceVersionDate "2017.10.13"]
[SourceQuality "1"]

1. d4 Nf6 2. Nf3 g6 3. h3 Bg7 4. Bf4 c5 5. c3 cxd4 6. Nxd4 Nc6 7. Nb5 d6 8. e3 0-0 9. Be2 a6 10. N5a3 b5 11. 0-0 Bb7 12. Nc2 Qb6 13. Nd2 Nd7 14. e4 Nce5 15. Be3 Qc7 16. Rc1 Nb6 17. Na3 d5 18. f3 Nbc4 19. Naxc4 dxc4 20. Qe1 Rad8 21. Kh1 Rd7 22. f4 Nd3 23. Bxd3 Rxd3 24. Qf2 Qd7 25. Kg1 Rd8 26. Nf3 Bxe4 27. Ne5 Bxe5 28. fxe5 Qf5 29. Bd4 Qxf2+ 30. Rxf2 R8xd4 31. cxd4 Rxd4 32. Re1 Bd3 33. a3 a5 34. g3 g5 35. Kh2 Kg7 36. g4 b4 37. axb4 axb4 38. Kg3 c3 39. bxc3 bxc3 40. Rc1 c2 41. Rcxc2 Bxc2 42. Rxc2 Rd3+ 43. Kg2 Re3 44. Rc5 f6 45. exf6+ Kxf6 1/2-1/2

[Event "San Francisco Benson Memorial"]
[Site "San Francisco"]
[Date "2016.08.02"]
[Round "1"]
[White "Chan, John"]
[Black "Wang, Yuan1111"]
[Result "0-1"]
[WhiteElo "1583"]
[BlackElo "2068"]
[PlyCount "78"]
[EventDate "2016.08.02"]
[EventType "swiss"]
[EventRounds "9"]
[EventCountry "USA"]
[SourceTitle "EXT 2018"]
[Source "ChessBase"]
[SourceDate "2017.10.13"]
[SourceVersion "1"]
[SourceVersionDate "2017.10.13"]
[SourceQuality "1"]

1. d4 Nf6 2. c4 g6 3. Nc3 d5 4. c5 Bg7 5. Nf3 0-0 6. h3 b6 7. Bf4 bxc5 8. dxc5 c6 9. Qa4 Nfd7 10. Qa3 e5 11. Bg3 Qe7 12. b4 e4 13. Bd6 Qf6 14. Rc1 exf3 15. Bxf8 fxg2 16. Bxg2 Bxf8 17. Nd1 Ne5 18. Ne3 Bh6 19. Rd1 Ba6 20. Ng4 Nxg4 21. hxg4 Qe6 22. Bf3 Bg5 23. Qb2 Nd7 24. Kf1 Ne5 25. Qa3 Bc4 26. Rg1 Re8 27. Kg2 Nxg4 28. Bxg4 Qxg4+ 29. Qg3 Bxe2 30. Qxg4 Bxg4 31. f3 Bf5 32. Kg3 h5 33. Rde1 Be3 34. Rh1 d4 35. a4 d3 36. b5 d2 37. Ra1 cxb5 38. axb5 Bxc5 39. Rhd1 Be3 0-1

[Event "San Francisco TNM Summer op"]
[Site "San Francisco"]
[Date "2016.06.21"]
[Round "5"]
[White "Chan, John"]
[Black "Nelson, Carl"]
[Result "1-0"]
[WhiteElo "1578"]
[BlackElo "1188"]
[PlyCount "63"]
[EventDate "2016.05.24"]
[EventType "swiss"]
[EventRounds "8"]
[EventCountry "USA"]
[SourceTitle "EXT 2018"]
[Source "ChessBase"]
[SourceDate "2017.10.13"]
[SourceVersion "1"]
[SourceVersionDate "2017.10.13"]
[SourceQuality "1"]

1. d4 Nf6 2. Nf3 d6 3. h3 Bf5 4. c4 Nbd7 5. Bf4 c6 6. Nc3 h6 7. Qc1 Qc7 8. Bh2 e5 9. e3 Be7 10. Be2 0-0 11. 0-0 Rfe8 12. Nh4 Bh7 13. Qd2 e4 14. g3 d5 15. c5 Nf8 16. Qd1 Ne6 17. Bg4 Nxg4 18. Qxg4 Qd8 19. Ng2 Rf8 20. Nf4 Ng5 21. h4 f5 22. Qh5 Nf3+ 23. Kg2 Rf6 24. Nce2 g5 25. Kh1 gxf4 26. Nxf4 Qf8 27. g4 Qg7 28. g5 hxg5 29. hxg5 Qxg5 30. Rg1 Rg6 31. Rxg5 Rxg5 32. Qh6 1-0

[Event "San Francisco TNM Summer op"]
[Site "San Francisco"]
[Date "2015.06.16"]
[Round "4"]
[White "Chan, John"]
[Black "Henriques, Keith"]
[Result "1-0"]
[WhiteElo "1552"]
[BlackElo "144"]
[PlyCount "69"]
[EventDate "2015.05.26"]
[EventType "swiss"]
[EventRounds "8"]
[EventCountry "USA"]
[SourceTitle "EXT 2016"]
[Source "ChessBase"]
[SourceDate "2015.10.08"]
[SourceVersion "1"]
[SourceVersionDate "2015.10.08"]
[SourceQuality "1"]

1. d4 d5 2. Nf3 Nf6 3. h3 Bf5 4. Nc3 c6 5. g4 Be6 6. Bg2 Ne4 7. 0-0 Nxc3 8. bxc3 g6 9. Bf4 h6 10. Rb1 b6 11. Qd3 a6 12. Bg3 b5 13. Be5 Rg8 14. Bg3 Qa5 15. Ra1 h5 16. g5 Bf5 17. Qd2 Qa4 18. Ne1 e6 19. f3 Nd7 20. e4 dxe4 21. fxe4 Bxh3 22. Bxh3 c5 23. Bg2 f6 24. e5 fxe5 25. Bxa8 b4 26. Qg2 bxc3 27. Rd1 cxd4 28. Bc6 Qxa2 29. Bxd7+ Kxd7 30. Bxe5 Qd5 31. Qxd5+ exd5 32. Bxd4 Bb4 33. Nd3 Ba3 34. Rb1 h4 35. Rb6 1-0

[Event "San Francisco TNM Summer op"]
[Site "San Francisco"]
[Date "2009.07.07"]
[Round "7"]
[White "Chan, John"]
[Black "Sherwood, Peter"]
[Result "0-1"]
[WhiteElo "1622"]
[BlackElo "1719"]
[PlyCount "180"]
[EventDate "2009.05.26"]
[EventType "swiss"]
[EventRounds "8"]
[EventCountry "USA"]
[SourceTitle "EXT 2012"]
[Source "ChessBase"]
[SourceDate "2011.11.24"]
[SourceVersion "1"]
[SourceVersionDate "2011.11.24"]
[SourceQuality "1"]

1. c4 e5 2. Nc3 Nf6 3. Nf3 Nc6 4. e4 Bb4 5. Qc2 0-0 6. a3 Bxc3 7. bxc3 Re8 8. Be2 d6 9. 0-0 h6 10. d3 Qe7 11. a4 Nh7 12. a5 f5 13. Bd2 f4 14. d4 g5 15. Kh1 g4 16. Ng1 Qf6 17. d5 Ne7 18. f3 h5 19. Qd3 Qh4 20. fxg4 hxg4 21. g3 fxg3 22. Qxg3 Qxg3 23. hxg3 Kg7 24. Rf2 Bd7 25. Be3 Nf6 26. Bd3 Rh8+ 27. Kg2 Rhf8 28. Raf1 Kg6 29. c5 a6 30. Rb1 Bb5 31. c4 Ba4 32. cxd6 cxd6 33. Rxb7 Rfe8 34. Rb6 Nc8 35. Rb4 Bd7 36. Rb7 Re7 37. Rb1 Rh7 38. c5 dxc5 39. Bxc5 Ne8 40. Rbf1 Rg7 41. Ba3 Bb5 42. Bxb5 axb5 43. Bb4 Ra6 44. Rc1 Ncd6 45. Re2 Nc4 46. Rf1 Ned6 47. Rf8 Rf7 48. Rd8 Rf6 49. Rb8 Kf7 50. Rh8 Kg7 51. Rh4 Rg6 52. Rh5 Rf6 53. Bc3 Kg6 54. Rh4 Kg5 55. Rh8 Ra7 56. Rg8+ Rg6 57. Rh8 Rf6 58. Bb4 Ra6 59. Re1 Nxa5 60. Ra1 Nxe4 61. Be7 Kg6 62. Bxf6 Rxf6 63. Rf1 Rb6 64. Rg8+ Kh7 65. Rxg4 Nf6 66. Rh4+ Kg6 67. Nf3 Nc4 68. Kh3 e4 69. Nd4 e3 70. Re1 b4 71. Nb3 Nd2 72. Rxe3 Nxb3 73. Rxb3 Nxd5 74. Rd4 Rb5 75. g4 Kg5 76. Kg3 Kg6 77. Kh4 Kh6 78. Rc4 Rb6 79. Rc5 Nf4 80. g5+ Kg6 81. Kg4 Ne6 82. Ra5 Kg7 83. Ra1 Kg6 84. Rh1 Nxg5 85. Rh8 Nf7 86. Rg8+ Kh7 87. Rc8 Kg6 88. Rc4 Ne5+ 89. Kg3 Nxc4 90. Kf3 Na5 0-1

[Event "San Francisco TNM Summer op"]
[Site "San Francisco"]
[Date "2009.06.16"]
[Round "4"]
[White "Durig, Alex"]
[Black "Chan, John"]
[Result "0-1"]
[WhiteElo "1234"]
[BlackElo "1622"]
[PlyCount "114"]
[EventDate "2009.05.26"]
[EventType "swiss"]
[EventRounds "8"]
[EventCountry "USA"]
[SourceTitle "EXT 2012"]
[Source "ChessBase"]
[SourceDate "2011.11.24"]
[SourceVersion "1"]
[SourceVersionDate "2011.11.24"]
[SourceQuality "1"]

1. d4 Nf6 2. c4 e6 3. Nf3 Be7 4. Nc3 c6 5. Bf4 d6 6. e4 Nfd7 7. Bd3 0-0 8. 0-0 c5 9. d5 e5 10. Bd2 Nf6 11. h3 Kh8 12. Ne2 Rg8 13. Kh1 Nbd7 14. Neg1 Nf8 15. Ng5 Qe8 16. g4 h6 17. N5f3 N6h7 18. Ne2 g5 19. Rg1 Ng6 20. Ng3 f6 21. Rg2 Qf7 22. Qg1 Bd7 23. Rh2 Nf4 24. Bf1 Rg6 25. Nh5 Rgg8 26. Re1 Nxh5 27. gxh5 Qxh5 28. Re3 a6 29. Ne1 b5 30. b3 bxc4 31. bxc4 Rab8 32. Bc3 Rg7 33. Rg3 Qg6 34. Bg2 Rb1 35. h4 g4 36. Bf3 h5 37. Rhg2 Qh6 38. Be2 Nf8 39. f3 f5 40. exf5 Bxh4 41. fxg4 Bxg3 42. Rxg3 hxg4+ 43. Qh2 Qxh2+ 44. Kxh2 Bxf5 45. Bd3 Bxd3 46. Nxd3 Nd7 47. Nf2 Nf6 48. Kg2 Kh7 49. Nd3 Nh5 50. Re3 Rd1 51. Nf2 Nf4+ 52. Kg3 Rg1+ 53. Kh2 Rg2+ 54. Kh1 Rg6 55. Nxg4 R6xg4 56. Be1 Rg1+ 57. Kh2 R4g2# 0-1

[Event "San Francisco TNM Spring op"]
[Site "San Francisco"]
[Date "2009.05.05"]
[Round "8"]
[White "Chan, John"]
[Black "Puryear, Ted"]
[Result "1-0"]
[WhiteElo "1511"]
[BlackElo "1124"]
[PlyCount "55"]
[EventDate "2009.03.16"]
[EventType "swiss"]
[EventRounds "8"]
[EventCountry "USA"]
[SourceTitle "EXT 2012"]
[Source "ChessBase"]
[SourceDate "2011.11.24"]
[SourceVersion "1"]
[SourceVersionDate "2011.11.24"]
[SourceQuality "1"]

1. c4 Nf6 2. Nc3 g6 3. d4 Bg7 4. Nf3 0-0 5. e4 d6 6. h3 e5 7. d5 a5 8. Be3 Na6 9. a3 Bd7 10. Rc1 Ne8 11. g4 f5 12. gxf5 gxf5 13. Bg5 Nf6 14. Rg1 Nc5 15. Bh6 Rf7 16. Ng5 Re7 17. exf5 Bxf5 18. Qf3 Qd7 19. Ne6 Nxe6 20. Qxf5 Nd4 21. Qxf6 Rf8 22. Rxg7+ Rxg7 23. Qxg7+ Qxg7 24. Bxg7 Kxg7 25. Nb5 Nf3+ 26. Kd1 Nh2 27. Ke2 Rf7 28. Bg2 1-0

[Event "San Francisco TNM Spring op"]
[Site "San Francisco"]
[Date "2009.04.21"]
[Round "6"]
[White "Chan, John"]
[Black "Hilliard, Michael"]
[Result "1-0"]
[WhiteElo "1511"]
[BlackElo "1402"]
[PlyCount "63"]
[EventDate "2009.03.16"]
[EventType "swiss"]
[EventRounds "8"]
[EventCountry "USA"]
[SourceTitle "EXT 2012"]
[Source "ChessBase"]
[SourceDate "2011.11.24"]
[SourceVersion "1"]
[SourceVersionDate "2011.11.24"]
[SourceQuality "1"]

1. c4 e6 2. Nc3 d5 3. cxd5 exd5 4. d4 Nf6 5. Nf3 c5 6. dxc5 Bxc5 7. e3 0-0 8. Bd3 Re8 9. 0-0 Nc6 10. Na4 b6 11. a3 a5 12. b3 d4 13. Nxc5 bxc5 14. exd4 cxd4 15. Bb2 Re6 16. Rc1 Rd6 17. Re1 Ba6 18. Bxa6 Rxa6 19. Qd3 Ra7 20. h3 Rad7 21. Rc5 Ne8 22. Bc1 h6 23. Bf4 Rd5 24. Rxc6 Nc7 25. Rec1 Ne6 26. Bg3 Qe7 27. Ne5 Rb7 28. Rc8+ Nf8 29. Qe4 Rbb5 30. R1c7 Qe6 31. Ra8 f6 32. Qg6 1-0